000
00302nam a2200109Ia 4500
008
171211s9999 xx 000 0 und d
245
4
_a
The Syntactic Licensing of Ellipsis
245
_c
Lobke Aelbrecht
260
_c
2010
650
_x
CULTURE
856
_u
http://down.ebook777.com/062/9789027255327.pdf
999
_c
347848
_d
347848